Memoir Arena Wati : Enda Guling ku

Bibliographic Details
Main Author: Arena Wati
Format: Book
Published: Bangi : Penerbit UKM , 1991
Subjects:

MARC

LEADER 00000cam a2200000 7i4500
001 0000004878
002 000005261
005 20101102.0
020 |a 967942216X 
090 0 0 |a 920   |b ARE 
100 0 |a Arena Wati 
245 1 0 |a Memoir Arena Wati :   |b Enda Guling ku   |c Arena Wati 
260 |a Bangi :   |b Penerbit UKM ,   |c 1991 
300 |a 998p. ;   |c 23cm. 
650 0 0 |a Authors, Malay   |x Biography 
650 0 0 |a Autobiography 
999 |a 034797   |b BUKU   |c MALAYSIANA   |e PERPUSTAKAAN KOMUNITI PETALING JAYA